000 00514nam a22001817a 4500
005 20251108173106.0
008 250721s2004 xx 000 0 ara d
082 1 4 _a612.84/ خال
100 1 _aأبو خالد، أسامة
245 1 0 _aوظائف أجزاء العين /
246 1 1 _aPHYSIOLGY OF THE EYE
264 1 _aعمان :
_bمكتبة المجتمع العربي،
_c2004.
300 _a162ص.
650 1 7 _aالعين
650 1 7 _aالفسيولوجيا
942 _2ddc
_cBK
999 _c95849
_d95849